000 00305nam a2200109Ia 4500
008 200302s9999 xx 000 0 und d
100 _aPeter Walker & Other
245 _aLandscape Architecture Defining the Craft
260 _bPublishers of Architecture Art. And Design
260 _c2005
300 _a231 P.,
999 _c2963
_d2963